Stereoselektívne Pd(II)-katalyzované transformácie aminoalkénov v totálnej syntéze prírodných látok a ich analógov habilitačná práca
Saved in:
| Main Author: | |
|---|---|
| Format: | Book |
| Language: | Slovak |
| Published: |
Bratislava
FCHPT STU
2008
|
| Subjects: | |
| Online Access: | View in OPAC |
| Tags: |
No Tags, Be the first to tag this record!
|
MARC
| LEADER | 00000nam a2200000 a 4500 | ||
|---|---|---|---|
| 005 | 20260127134129.0 | ||
| 008 | 090421 2008 xo 000 0 slo d | ||
| 035 | |a vtls009494046 | ||
| 039 | 9 | |a 202002100854 |b AUTHORITY |c 202002100851 |d AUTHORITY |c 202002100850 |d csnk01 |c 201808241224 |d mschk03 |y 200904211146 |z mschk03 | |
| 040 | |a STUSCHK1 |b slo |c STUSCHK1 |e AACR2 | ||
| 100 | 1 | |a Szolcsányi, Peter, |d 1971- |4 aut |9 124 | |
| 245 | 1 | |a Stereoselektívne Pd(II)-katalyzované transformácie aminoalkénov v totálnej syntéze prírodných látok a ich analógov |b habilitačná práca |c Peter Szolcsányi | |
| 260 | |a Bratislava |b FCHPT STU |c 2008 | ||
| 300 | |a 36 s. |b il. + príloha |c 30 cm | ||
| 500 | |a Obháj.: 29.9.2008 | ||
| 500 | |a Ústav organickej chémie, katalýzy a petrochémie | ||
| 650 | 0 | |a syntéza prírodných látok | |
| 650 | 0 | |a toxické alkaloidy | |
| 650 | 0 | |a Pd-katalyzované transformácie aminoalkénov | |
| 910 | |a SCHK95 | ||
| 999 | |c 4772 |d 4772 | ||